| 000 | 02032nam0a2200397 4500 | ||
|---|---|---|---|
| 001 | RU\NLR\BIBL_A\012804542 | ||
| 005 | 20220624171440.0 | ||
| 010 |
_a978-5-389-20386-0 _97000 |
||
| 021 |
_aRU _bАЛ-П-22-00088и _9АЛ-П-22-0019 |
||
| 035 | _a(NLR Aleph) 012804542 | ||
| 035 | _a(RuMoRGB)010980038 | ||
| 090 |
_a13193571 _c13193571 |
||
| 100 | _a20220531d2021 u y0rusy50 ca | ||
| 101 | 1 |
_arus _cjpn |
|
| 102 | _aRU | ||
| 105 | _aa|||t|||000ay | ||
| 181 | 0 |
_ab3 _bbb2e |
|
| 181 | 0 |
_ai2 _baxxe |
|
| 182 | 0 | _an | |
| 200 | 1 |
_aТокийский гуль _ezakki _e[артбук] _fСуи Исида _g[перевод с японского Анастасии Деминой] |
|
| 203 |
_aИзображение _aТекст _bвизуальные _cнепосредственные |
||
| 210 |
_aСанкт-Петербург _cАзбука _cАзбука-Аттикус _d2021 |
||
| 215 |
_a111, [1] с. _cил., цв. ил. _d25 |
||
| 330 | _a<Токийский гуль: zakki>-это красочный артбук, в который вошли около двухсот цветных иллюстраций Суи Исиды, ранее неопубликованные материалы, а также подробные авторские комментарии, приподнимающие завесу над процессом работы. Настоящий подарок для всех любителей культового манга-сериала! | ||
| 333 | _a18+ | ||
| 600 | 1 |
_aИсида _bС. _gСуи _f1986 _2nlr_sh2 _3RU\NLR\AUTH\6601707027 |
|
| 675 |
_a821.521-3 _v4 |
||
| 686 | 0 | _aЩ153(5Я)65-475 | |
| 686 | 1 | _aЩ153(5Я)65-8 Исида | |
| 700 | 1 |
_aИсида _bС. _f1986- _gСуи _3RU\NLR\AUTH\770197969 |
|
| 702 | 1 |
_aДемина _bА. В. _cпереводчик _gАнастасия Владимировна _3RU\NLR\AUTH\77105453 _4730 |
|
| 942 | _cBOOK | ||
| 980 | _aNB | ||